Fr. Conceicao Rodrigues College of Engineering

Pro flex on spring (Record no. 29342)

MARC details
000 -LEADER
fixed length control field 00294nam a2200145Ia 4500
082 ## - DEWEY DECIMAL CLASSIFICATION NUMBER
Classification number 005.133J
Item number GIA
100 ## - MAIN ENTRY--PERSONAL NAME
Personal name Giametta/Chris
245 ## - TITLE STATEMENT
Title Pro flex on spring
260 ## - PUBLICATION, DISTRIBUTION, ETC.
Name of publisher, distributor, etc. Apress
Date of publication, distribution, etc. 2009
366 ## - TRADE AVAILABILITY INFORMATION
Publishers's discount category 20
300 ## - PHYSICAL DESCRIPTION
Extent 463
546 ## - LANGUAGE NOTE
Language note ENGLISH
-- electronics
942 ## - ADDED ENTRY ELEMENTS (KOHA)
Koha item type BOOK
Holdings
Withdrawn status Lost status Damaged status Not for loan Collection Home library Current library Date acquired Source of acquisition Cost, normal purchase price Inventory number Total Checkouts Full call number Barcode Date last seen Cost, replacement price Price effective from Koha item type
        CRC Fr. Agnel's C.Rodrigues College of Engineering Fr. Agnel's C.Rodrigues College of Engineering 17/03/2023 Vakratund Book House 400.00 3441 dt 20/03/2012   005.133J GIA 21929 17/03/2023 500.00   BOOK